IMPOSSIBLE Pi Quiz - Statistics

General Stats
  • This quiz has been taken 133 times
  • The average score is 26 of 150
Answer Stats
Digit % Correct
3.
100%
1
93%
4
93%
1
86%
5
83%
9
79%
2
76%
6
74%
5
69%
3
64%
5
64%
8
60%
9
57%
7
55%
9
52%
3
50%
2
48%
2
48%
3
48%
4
48%
6
48%
6
48%
8
48%
3
45%
4
45%
3
40%
3
33%
8
33%
2
31%
7
31%
9
31%
0
29%
2
29%
5
29%
1
24%
4
24%
8
24%
8
24%
9
24%
7
19%
1
12%
1
12%
3
12%
3
12%
5
12%
6
12%
7
12%
9
12%
9
12%
9
12%
0
10%
0
10%
0
10%
0
10%
1
10%
2
10%
2
10%
3
10%
4
10%
4
10%
4
10%
4
10%
5
10%
5
10%
6
10%
7
10%
7
10%
8
10%
8
10%
9
10%
9
10%
9
10%
0
7%
2
7%
2
7%
6
7%
6
7%
8
7%
0
5%
0
5%
0
5%
1
5%
1
5%
1
5%
1
5%
2
5%
2
5%
2
5%
2
5%
2
5%
3
5%
3
5%
3
5%
4
5%
4
5%
4
5%
5
5%
5
5%
6
5%
6
5%
6
5%
7
5%
7
5%
8
5%
8
5%
8
5%
8
5%
8
5%
8
5%
8
5%
9
5%
9
5%
9
5%
0
2%
0
2%
2
2%
3
2%
4
2%
6
2%
6
2%
7
2%
8
2%
9
2%
0
0%
0
0%
0
0%
1
0%
1
0%
2
0%
2
0%
2
0%
2
0%
3
0%
3
0%
3
0%
4
0%
4
0%
4
0%
5
0%
5
0%
5
0%
5
0%
5
0%
6
0%
7
0%
8
0%
8
0%
8
0%
9
0%
9
0%
No matching quizzes found
Score Distribution
Percent of People with Each Score
Percentile by Number Answered
Your Score History
You have not taken this quiz